| 000 | 00389nam a22001337a 4500 | ||
|---|---|---|---|
| 040 | _cNUST | ||
| 082 |
_a629.1323 _bVER |
||
| 100 |
_a Verdon, Joseph M. _9118632 |
||
| 245 |
_aUnsteady Aerodynamics, Aeroacollstics, and Aeroelasticity of Turbomachines and Propellers / _cJoseph M. Verdon |
||
| 260 |
_aNew York : _bSpringer ; _c1993. |
||
| 300 | _a888p. | ||
| 521 | _bHB | ||
| 942 |
_2ddc _cBK |
||
| 999 |
_c606815 _d606815 |
||